000 01272cam a2200373 4500
999 _c23501
_d23501
001 vtls012073238
005 20221013130935.0
008 211013s2021 xo gr 010 f slo
020 _a9788055178882
_q(viazané)
040 _aMIZKGZ
_bslo
_cMIZKGZ
_dSNK
_erda
041 1 _aslo
_heng
044 _axo
_cSK
072 7 _a821.111-3
_xAnglická próza, anglicky písaná
_2konspekt
080 _a821.111(94)-3
_22011
080 _a82-311.4
_22011
100 1 _aRimmer, Kelly
_4aut
_93731
240 1 0 _aA Mother’s Confession
_lSlovensky
245 1 _aMatkina spoveď
_cKelly Rimmerová ; z anglického originálu ... preložila Lucia Lukáčová
264 1 _aBratislava
_bIkar
_c2021
300 _a334 strán
_c21 cm
336 _atext
_btxt
_2rdacontent
337 _abez média
_bn
_2rdamedia
338 _azväzok
_bnc
_2rdacarrier
500 _aNa prebale: Dokáže pravda naozaj oslobodiť?
500 _aPreložené z angličtiny
500 _aObsahuje biografické údaje o autorke
655 7 _aaustrálske romány
_2SNKPH
_91684
655 7 _aspoločenské romány
_2SNKPH
_912
655 7 _aAustralian fiction
_2SNKPHeng
_91685
655 7 _aSociety novels
_2SNKPHeng
_93645
700 1 _aLukáčová, Lucia
_4trl
_92602
958 _aLX
958 _aUP